000 00616nam a2200193Ia 4500
005 20250508155610.0
008 008 250505s9999 xx 000 0 eng d
037 _aDissertations
040 _aFEDL
_beng
_cFEDL
041 _aeng
_2eng
084 _a155.5, REN/DI
_qFEDL
100 _aRenu Krishna
_9767139
245 0 _aInvestigation into the changing pattern of problems faced by children in late childhood preadolescence and adolescence
260 _c1968
300 _a83p.
546 _aM. Ed. Dissertation (Delhi University)
942 _cDIS
_h155.5, REN/DI
999 _c1358136
_d1358136